• 首页
  • 本馆介绍
  • 公告通知
  • 最新文献
  • 馆藏检索
  • 电子资源
  • 读者导购
  • 参考咨询
  • 我的图书馆
  • 登录
  • 详细信息显示
  • 放入我的书架
  • 预约/预借图书
  • 作者相关作品
  • 分类相关作品
  • 丛书相关作品
  • 出版社相关作品

书目信息

  • 表格格式
  • 工作单格式
  • 卡片格式
题名:
TMS320F2812 DSP原理与应用技术
    
 
作者: 王忠勇 , 陈恩庆 编著
分册:  
出版信息: 北京   电子工业出版社  2012.6
页数: 367页
开本: 26cm
丛书名:
单 册:
中图分类: TN911.72 , TP332
科图分类:
主题词: 数字信号处理--高等学校--教材 , 信号处理--微处理器--高等学校--教材
电子资源:
ISBN: 978-7-121-17241-0
000 01211nam0 2200289 450
001 0400005882
005 20171113092016.39
010    @a978-7-121-17241-0@dCNY39.80
100    @a20120815de20172012em y0chiy50 ea
101 0  @achi
102    @aCN@b110000
105    @ay z 000yy
106    @ar
200 1  @aTMS320F2812 DSP原理与应用技术@ATMS320F2812 DSP yuan li yu ying yong ji shu@f王忠勇,陈恩庆编著
205    @a第2版
210    @a北京@c电子工业出版社@d2012.6@h2017.1
215    @a367页@d26cm
300    @a普通高等教育“十二五”规划教材 电子信息科学与工程类专业规划教材
330    @a本书在介绍DSP芯片特点和应用的基础上,以TI公司C28x系列的TMS320F2812芯片为描述对象,系统地介绍了DSP芯片的基本特点、硬件结构、工作原理、开发环境和使用方法,内容包括:CPU内部结构、时钟和系统控制、存储空间及通用I/O接口、中断管理方式、片内外设、寻址方式和指令系统、集成开发环境CCS、DSP最小系统及相应软件设计等。
606 0  @a数字信号处理@x高等学校@j教材
606 0  @a信号处理@x微处理器@x高等学校@j教材
690    @aTN911.72@v5
690    @aTP332@v5
701  0 @a王忠勇@Awang zhong yong@4编著
701  0 @a陈恩庆@Achen en qing@4编著
801  0 @aCN@b上海新华@c20171031
905    @b1023384-8@dTN911.72@e235=2@f5
    
    TMS320F2812 DSP原理与应用技术/王忠勇,陈恩庆编著.-第2版.-北京:电子工业出版社,2012.6(2017.1)
    367页;26cm
    普通高等教育“十二五”规划教材 电子信息科学与工程类专业规划教材
    
    ISBN 978-7-121-17241-0:CNY39.80
    本书在介绍DSP芯片特点和应用的基础上,以TI公司C28x系列的TMS320F2812芯片为描述对象,系统地介绍了DSP芯片的基本特点、硬件结构、工作原理、开发环境和使用方法,内容包括:CPU内部结构、时钟和系统控制、存储空间及通用I/O接口、中断管理方式、片内外设、寻址方式和指令系统、集成开发环境CCS、DSP最小系统及相应软件设计等。
●
相关链接 在E读中查询图书 在五车中查询图书 在当当中查询图书 在豆瓣中查询图书


正题名:TMS320F2812 DSP原理与应用技术     索取号:TN911.72/235=2         预约/预借

序号 登录号 条形码 馆藏地/架位号 状态 备注
1 1023384   210233843   第二样本阅览室/ [索取号:TN911.72/235=2] 在馆    
2 1023385   210233852   密集书库-物理学院/ [索取号:TN911.72/235=2] 在馆    
3 1023386   210233861   第三借阅区/ [索取号:TN911.72/235=2] 在馆    
4 1023387   210233870   第三借阅区/ [索取号:TN911.72/235=2] 在馆    
5 1023388   210233889   第三借阅区/ [索取号:TN911.72/235=2] 在馆    
唐山师范学院图书馆 欢迎您!
大连网信软件有限公司© 版权所有